Pays d'Europe en 5 minutes - Statistiques

Statistiques générales
  • Ce quiz a été pris 494 fois
  • Le résultat moyen est 30 sur 45
Réponses sur la Carte
Les réponses sont colorées sur une échelle allant du rouge au vert en fonction du pourcentage des utilisateurs qui les ont devinées à leur premier essai. Vous pouvez retrouver ces pourcentages ci-dessous.
 
Statistiques - réponses
Réponse % Correct
France
90%
Grèce
86%
Italie
85%
Allemagne
82%
Pays-Bas
80%
Royaume-Uni
79%
Pologne
78%
Portugal
78%
Luxembourg
76%
Andorre
74%
Monaco
74%
Russie
74%
Espagne
72%
Irlande
71%
Suede
71%
Islande
70%
Vatican
70%
Belgique
69%
Biélorussie
69%
Liechtenstein
69%
Norvège
69%
Danemark
68%
Saint-Marin
68%
Suisse
68%
Ukraine
67%
Finlande
66%
Lettonie
64%
Lituanie
64%
Roumanie
63%
Autriche
62%
Croatie
60%
Malte
60%
République-Tchèque
60%
Estonie
59%
Kosovo
55%
Moldavie
55%
Albanie
54%
Hongrie
53%
Bulgarie
51%
Macédoine du nord
51%
Bosnie-Herzégovine
50%
Serbie
50%
Slovaquie
50%
Slovénie
49%
Monténégro
48%
Aucun quiz correspondant
Distribution des résultats
% des personnes avec chaque résultat
Percentile par nombre de réponses
Votre historique - résultats
Vous n’avez pas pris ce quiz